"American" Things - Statistics

General Stats
  • This quiz has been taken 43 times
  • The average score is 15 of 21
Answer Stats
Hint Answer % Correct
The idea that in U.S. society every person can achieve what they desire for their life American Dream
98%
Ethnicity most black people in the U.S. identify with African-Americans
95%
Indigenous people of the U.S. Native-Americans
93%
U.S. territory in the South Pacific American Samoa
90%
Largest air carrier in the world in terms of passengers carried American Airlines
88%
Sport in which quarterbacks pass for touchdowns and dream of winning the Super Bowl American Football
88%
Eggs, bacon or sausage, toast or pancakes, and hash browns American breakfast
86%
One of the two conferences of Major League Baseball, abbreviated as AL American League
83%
Song about "The Day the Music Died" by Don McLean American Pie
79%
U.S. annexation of Texas led to this conflict with its southern neighbor Mexican–American War
79%
Credit card company which is one of the world's largest American Express
76%
TV show with people competing to be the next great singer American Idol
74%
Processed dairy product known for its melty texture American cheese
69%
Album by the band Green Day with the song "Boulevard of Broken Dreams" American Idiot
67%
1930 oil painting of a midwest farmer with glasses and his wife standing in front of their home American Gothic
62%
League starring Julius Erving that Competed with the NBA but finally merged with it in 1976 American Basketball Association
55%
Moniker given to the best student athletes in the U.S. every year All-American
48%
Song by the Guess Who (or Lenny Kravitz) about a nameless dangerous U.S. lady American Woman
48%
Biggest airline in the world through much of the 20th century Pan American Airways
45%
Synonym for the Wild West American frontier
43%
Oldest U.S. magazine that covers popular science Scientific American
24%
No matching quizzes found
Score Distribution
Percent of People with Each Score
Percentile by Number Answered
Your Score History
You have not taken this quiz